Los primeros testigos / (Record no. 141558)

MARC details
000 -LEADER
campo de control de longitud fija 00470nam a2200169 i 4500
001 - NÚMERO DE CONTROL
campo de control 141558
003 - IDENTIFICADOR DE NÚMERO DE CONTROL
campo de control ES-MaACL
005 - FECHA Y HORA DE LA ÚLTIMA TRANSACCIÓN
campo de control 20230906200322.0
007 - CAMPO FIJO DE DESCRIPCIÓN FÍSICA--INFORMACIÓN GENERAL
campo de control de longitud fija t|
008 - DATOS DE LONGITUD FIJA--INFORMACIÓN GENERAL
campo de control de longitud fija 070925s1973 sp ||||1| spa d
100 1# - ENTRADA PRINCIPAL--NOMBRE DE PERSONA
Nombre de persona Volpi, Italo.
9 (RLIN) 115715
245 14 - MENCIÓN DEL TÍTULO
Título Los primeros testigos /
Mención de responsabilidad, etc. Italo Volpi ; [traducción de Maifava].
260 ## - PUBLICACIÓN, DISTRIBUCIÓN, ETC.
Lugar de publicación, distribución, etc. [Madrid] :
Nombre del editor, distribuidor, etc. Narcea,
Fecha de publicación, distribución, etc. [1973]
300 ## - DESCRIPCIÓN FÍSICA
Extensión 262 p. ;
Dimensiones 21 cm.
700 1# - ENTRADA AGREGADA--NOMBRE PERSONAL
Nombre de persona Maifava.
9 (RLIN) 75564
852 ## - LOCALIZACIÓN
Ubicación ES-MaACL
Número de control de estantería C-52485
Sublocalización o colección R.85770
Holdings
Estatus retirado Estado de pérdida Estado de daño No para préstamo Biblioteca de origen Biblioteca actual Ubicación en estantería Fecha de adquisición Fuente de adquisición Total de préstamos Signatura topográfica completa Código de barras Visto por última vez Precio de reemplazo Tipo de ítem Koha
        Biblioteca del Ateneo de Madrid Biblioteca del Ateneo de Madrid Depósito 2 17/01/2008     C-52485 1147294 23/02/2023 23/02/2023 Libro impreso